[Event "Stuttgart-chA int"]
[Site "Ditzingen"]
[Date "2018.05.12"]
[Round "5"]
[White "Kistler, Michael"]
[Black "Partik, Markus"]
[Result "1-0"]
[WhiteElo "1848"]
[BlackElo "1958"]
[PlyCount "76"]
[EventDate "2018.05.10"]
[EventType "swiss"]
[EventRounds "7"]
[EventCountry "GER"]
[SourceTitle "EXT 2020"]
[Source "ChessBase"]
[SourceDate "2019.10.17"]
[SourceVersion "1"]
[SourceVersionDate "2019.10.17"]
[SourceQuality "1"]

1. d4 Nf6 2. c4 c5 3. d5 e6 4. Nc3 exd5 5. cxd5 d6 6. g3 g6 7. Bg2 Bg7 8. Nf3 0-0 9. 0-0 Re8 10. Nd2 a6 11. a4 Nbd7 12. Nc4 Ne5 13. Nxe5 Rxe5 14. Bf4 Re8 15. e4 Rb8 16. Re1 Nh5 17. Be3 b5 18. Qd2 b4 19. Ne2 Nf6 20. f3 a5 21. Rac1 Ba6 22. Nf4 Nd7 23. Bf1 Ne5 24. Kg2 Qc8 25. Red1 g5 26. Nh5 g4 27. Bxa6 gxf3+ 28. Kg1 f2+ 29. Kg2 Qxa6 30. Nxg7 Kxg7 31. Bh6+ Kh8 32. Qg5 f1Q+ 33. Rxf1 Qe2+ 34. Kg1 Qg4 35. Qf6+ Kg8 36. Rf5 Nf3+ 37. Rxf3 Qxe4 38. Qxf7+ Kh8 1-0